00818nam a2200205Ia 4500003000900000008004100009040001600050080001600066245012000082260005300202300001600255650005900271650003800330650002500368700003300393700003000426942000700456999001700463952013200480IN-BaIIA211028s9999 xx 000 0 eng d cIIA Library a5(540)bSCI 0aScience in Indiabachievements and aspirations, 75 years of the academycedited by H. Y. Mohan Ram and P. N. Tandon aNew DelhibIndian National Science Academyc2010 aviii, 632p. a75 years of the Indian National Science Academy935556 aScience-Achievements-India935557 aScience-India921159 aMohan Ram, H. Y., ed.935558 aTandon, P. N., ed.935559 cBK c18508d18508 00104070aBANbBANcGENd2013-01-30eINSA g3000.00l0o5(540)/ SCIp19430r2021-11-05v3000.00w2013-01-30yBKGRs. 3000.00